000 01010cam a22002891 4500
001 37585
005 20230410101816.0
008 750127s1972 pr c b 000 0 spa
035 _9(DLC) 72351403
035 _a9922012
010 _a72351403
035 _a(OCoLC)1152718
040 _aDLC
_cNAlU
_dOCoLC
_dDLC
042 _apremarc
050 1 4 _a117 F 1973
_bG633b 1972
100 1 _aGómez, Juan Gualberto,
_d1854-1933.
245 1 0 _aBosquejo de la historia de Puerto Rico (1493-1891)
_c[por] Juan Gualberto Gómez y Antonio Sendras Burín. Ed. y notas de Leví Marrero.
260 _a[San Juan] Puerto Rico :
_bEditorial San Juan,
_c1972.
300 _aix, 282 p.
_bport.
_c15 cm.
500 _aPrevious ed., 1891, has title: La isla de Puerto-Rico.
504 _aBibliography: p. 237-240.
651 0 _aPuerto Rico
_xHistory
_yTo 1898.
700 1 _aMarrero, Leví,
_eeditor.
700 2 _aSendras y Burín, Antonio,
_ejoint author.
942 _2lcc
_cbk
985 _eOCLC REPLACEMENT cdsdistr
999 _c14457
_d14457